000 03227cam a2200553 4500500
005 20251228083301.0
041 _afre
042 _adc
100 1 0 _aMano, Davide
_eauthor
245 0 0 _aLes juifs sur la frontière tosco-romaine. Des « terres-refuge » aux ghettos dans une périphérie de l’État moderne (1555-1750)
260 _c2019.
500 _a8
520 _aCet article étudie l’histoire des présences juives sur la ligne de frontière entre le Grand-duché de Toscane et les États Pontificaux de 1555 à 1750. Il porte une attention particulière à l’état de la recherche concernant le xviie siècle, qui vit la création des premiers dispositifs de ghettoïsation à Sorano (1619), Pitigliano (1622) et Lippiano (après 1630), suivis par Santa Fiora en 1714 et l’apparition d’autres formes de restriction spatiale comme dans le cas du « bourg de la synagogue » de Monte San Savino (1707). L’étude se penche sur l’articulation entre le « fait juif » et le contexte de frontière pour proposer quelques réflexions sur la configuration sociale des minorités juives ayant expérimenté à la fois la marginalisation politique et la ségrégation sociale dans leurs lieux de résidence.
520 _aJews on the Tuscan-Roman border. From “safe havens” to ghettos on the outskirts of the modern state (1555-1750) This article examines the history of Jewish presence on the border between the Grand Duchy of Tuscany and the Papal States from 1555 to 1750. It pays particular attention to the state of research concerning the seventeenth century, a century that saw the establishment of the first ghettos in Sorano (1619), Pitigliano (1622), and Lippiano (after 1630), followed by Santa Fiora in 1714 and the appearance of other forms of spatial restriction as in the case of the “district of the synagogue” in Monte San Savino (1707). The study explores the link between the “Jewish fact” and the border context to offer some reflections on the social configuration of Jewish minorities that experienced both political marginalization and social segregation in their places of residence.
690 _ae
690 _aÉtats Pontificaux
690 _aFrontière
690 _aGhetto
690 _aGrand-duché de Toscane
690 _aJuifs
690 _aLippiano
690 _aMarginalité
690 _aMonte San Savino
690 _aPériphérie
690 _aPitigliano
690 _aRésistance
690 _aSanta Fiora
690 _asiècle
690 _aSorano
690 _aTerre-refuge
690 _axvii
690 _afrontier
690 _aghetto
690 _aGrand Duchy of Tuscany
690 _aJews
690 _aLippiano
690 _amarginality
690 _aMonte San Savino
690 _aPapal States
690 _aperiphery
690 _aPitigliano
690 _arefuge city
690 _aresistance
690 _aSanta Fiora
690 _aseventeenth century
690 _aSorano
786 0 _nDix-septième siècle | 282 | 1 | 2019-02-06 | p. 103-115 | 0012-4273
856 4 1 _uhttps://shs.cairn.info/revue-dix-septieme-siecle-2019-1-page-103?lang=fr&redirect-ssocas=7080
999 _c1600970
_d1600970